|
|
|
|
| LEADER |
00000nas a2200000 i 4500 |
| 001 |
ssj0000602873 |
| 003 |
WaSeSS |
| 005 |
20200512172242.0 |
| 006 |
m d |
| 007 |
cr n |
| 008 |
110216c20119999nz uu p s 0 a0eng c |
| 010 |
|
|
|a 2013247780
|
| 016 |
7 |
|
|a 101709086
|2 DNLM
|
| 022 |
|
|
|a 2230-326X
|l 2230-326X
|
| 035 |
|
|
|a (WaSeSS)ssj0000602873
|
| 040 |
|
|
|a NZ1
|b eng
|e pn
|c NZ1
|d CUS
|d PFM
|d OCLCO
|d AU@
|d OCLCF
|d EUW
|d CUI
|d OCLCQ
|d UAB
|d LIP
|d OCLCO
|d NLM
|d OCLCO
|d WT2
|d OCLCQ
|d OCLCA
|d CASUM
|d OCLCQ
|d OCLCA
|d OCLCQ
|d RDF
|d OCLCQ
|d WaSeSS
|
| 042 |
|
|
|a pcc
|
| 050 |
|
4 |
|a RL321
|
| 060 |
0 |
0 |
|a W1
|
| 082 |
0 |
4 |
|a 616.526005
|2 22
|
| 130 |
0 |
|
|a Psoriasis (Auckland, N.Z.)
|
| 210 |
1 |
0 |
|a Psoriasis (Auckl)
|2 dnlm
|
| 210 |
1 |
|
|a Psoriasis
|b (Auckl.)
|
| 222 |
|
0 |
|a Psoriasis
|b (Auckland)
|
| 245 |
1 |
0 |
|a Psoriasis
|h [electronic resource] :
|b targets and therapy.
|
| 246 |
1 |
|
|i Title in HTML header:
|a Journal of psoriasis
|
| 260 |
|
|
|a [Auckland, N.Z.] :
|b Dove Medical Press,
|c [2011]-
|
| 362 |
1 |
|
|a Began with Volume 1 (2011).
|
| 506 |
|
|
|a License restrictions may limit access.
|
| 515 |
|
|
|a Articles added irregularly during the year and collected into annual issues.
|
| 588 |
0 |
|
|a Volume 1 (2011); title from journal home page (publisher's Web site, viewed on Oct. 17, 2011).
|
| 588 |
1 |
|
|a 7:7 (June 15, 2017) (viewed July 19, 2017).
|
| 650 |
|
0 |
|a Psoriasis
|v Periodicals.
|
| 650 |
|
0 |
|a Psoriasis
|x Treatment
|v Periodicals.
|
| 650 |
1 |
2 |
|a Psoriasis.
|
| 650 |
|
7 |
|a Psoriasis.
|2 fast
|0 (OCoLC)fst01080963
|
| 650 |
|
7 |
|a Psoriasis
|x Treatment.
|2 fast
|0 (OCoLC)fst01080967
|
| 655 |
|
0 |
|a Electronic journals.
|
| 856 |
4 |
0 |
|z Full text available from Research Library: 01/01/2011 to present
|u https://search.proquest.com/publication/3933300
|